000 00619nam a2200229Ia 4500
003 OSt
005 20220926024735.0
006 a|||||r|||| 00| 0
007 ta
008 220923b |||||||| |||| 00| 0 eng d
037 _cGeneral Book
040 _aRTL
_cRTL
_beng
041 _2eng
_aeng
082 _aX5.3.N7z7, L7
100 _aSupple Barry
_9130273
245 0 _aEssays in British business history
260 _aOxford
_bClarendon Press
_c1977
300 _aviii, 267p.
_ccm.
650 _aCommerce
942 _hX5.3.N7z7, L7
_cGB
_2CC
999 _c645374
_d645374